000 00341nam a2200145Ia 4500
005 20251222141833.0
008 251222s9999||||xx |||||||||||||| ||spa||
020 _a9972920607
082 _a739.23/T74
100 _aTorres de la Pina, José
245 0 _aAyacucho:
250 _a1ra.ed.
264 _bIndustrial Gráfica S.A.
942 _cLIB
999 _c7169
_d7169